Religions by Holy Books and Sacred Texts Click Quiz - Statistics

General Stats
  • This quiz has been taken 346 times
  • The average score is 10 of 16
Answer Stats
Hint Answer % Correct
Quran Islam
96%
Bible Christianity
95%
Torah Judaism
94%
Book of Mormon Latter Day Saint movement
89%
Vedas / Upanishads Hinduism
72%
Tao Te Ching Taoism
71%
Principia Discordia Discordianism
69%
Kojiki Shintoism
66%
Dianetics Scientology
65%
Guru Granth Sahib Sikhism
61%
Book of Shadows Wicca
60%
Tripiṭaka Buddhism
44%
Five Classics Confucianism
43%
The Popol Vuh Maya religion
41%
Avesta (Yasna) Zoroastrianism
40%
The Seven Valleys Baháʼí faith
31%
No matching quizzes found
Score Distribution
Percent of People with Each Score
Percentile by Number Answered
Your Score History
You have not taken this quiz